• 首页
  • 本馆介绍
  • 公告通知
  • 最新文献
  • 馆藏检索
  • 电子资源
  • 读者导购
  • 参考咨询
  • 我的图书馆
  • 登录
  • 详细信息显示
  • 放入我的书架
  • 预约/预借图书
  • 作者相关作品
  • 分类相关作品
  • 丛书相关作品
  • 出版社相关作品

书目信息

  • 表格格式
  • 工作单格式
  • 卡片格式
题名:
西方文明简史
    
 
作者: 斯皮瓦格尔 著 ;董仲瑜 , 施展 , 韩炯 译
分册: 下  
出版信息: 北京   北京大学出版社  2010
页数: 453-934页
开本: 26cm
丛书名: 同文馆·历史学经典教材译丛
单 册:
中图分类: K500.3
科图分类:
主题词: 西方文化--文化史--教材 , 西方文化 , 文化史
电子资源:
ISBN: 978-7-301-16201-9
000 01323oam2 2200337 45
001 1050901265
005 20100419102921.10
010    @a978-7-301-16201-9@dCNY54.50(全2册109.00)
100    @a20100405d2010 em y0chiy50 ea
101 1  @achi@aeng@ceng
102    @aCN@b110000
105    @aab z 001yy
106    @ar
200 1  @a西方文明简史@AXi Fang Wen Ming Jian Shi@h下@HXia@dWestern civilization:a brief history@f(美)杰克逊·J. 斯皮瓦格尔(Jackson J. Spielvogel)著@F( Mei ) Jie Ke Xun· J. Si Pi Wa Ge Er (Jackson J. Spielvogel) Zhu@g董仲瑜,施展,韩炯译@zeng
210    @a北京@c北京大学出版社@d2010
215    @a453-934页@c照片,地图@d26cm
225 2  @a同文馆·历史学经典教材译丛
305    @a据原书第四版译出圣智学习出版公司授权出版
330    @a本书涵盖的时段上起最早的人类和文明,下迄9·11之后冲突、危机以及全球化并存的当代世界。
461  0 @12001 @a同文馆·历史学经典教材译丛
510 1  @aWestern civilization:a brief history@zeng
606 0  @a西方文化@x文化史@j教材
606 0  @a西方文化
606 0  @a文化史
690    @aK500.3@v4
701  1 @a斯皮瓦格尔@ASi Pi Wa Ge Er@g(Spielvogel, Jackson J.)@4著
702  0 @a董仲瑜@ADong Zhong Yu@4译
702  0 @a施展@AShi Zhan@4译
702  0 @a韩炯@AHan Jiong@4译
801  0 @aCN@bTANGWEI@c20100419
905    @b0591573-77@dK500.3@e18:2@f5
    
    西方文明简史.下=Western civilization:a brief history/(美)杰克逊·J. 斯皮瓦格尔(Jackson J. Spielvogel)著/董仲瑜,施展,韩炯译.-北京:北京大学出版社,2010
    453-934页:照片,地图;26cm.-(同文馆·历史学经典教材译丛)
    
    
    ISBN 978-7-301-16201-9:CNY54.50(全2册109.00)
    本书涵盖的时段上起最早的人类和文明,下迄9·11之后冲突、危机以及全球化并存的当代世界。
●
相关链接 在E读中查询图书 在五车中查询图书 在当当中查询图书 在豆瓣中查询图书


正题名:西方文明简史     索取号:K500.3/18:2         预约/预借

序号 登录号 条形码 馆藏地/架位号 状态 备注
1 0591573   205915731   第二样本阅览室/ [索取号:K500.3/18:2] 在馆    
2 0591574   205915740   第二借阅区/ [索取号:K500.3/18:2] 在馆    
3 0591575   205915759   第二借阅区/ [索取号:K500.3/18:2] 在馆    
4 0591576   205915768   第二借阅区/ [索取号:K500.3/18:2] 在馆    
5 0591577   205915777   第二借阅区/ [索取号:K500.3/18:2] 在馆    
唐山师范学院图书馆 欢迎您!
大连网信软件有限公司© 版权所有